Especialidades Médicas - Statistics

Estatísticas Gerais
  • Esse quiz foi jogado 24 057 vezes
  • A pontuação média é 12 de 18
Estatísticas das Respostas
Assunto Especialidade % Correto
Crianças e Adolescentes {Pedia}tria
98%
Coração {Cardio}logia
94%
Pele {Dermato}logia
88%
Transtornos Mentais {Psiquia}tria
83%
Sistema Reprodutivo Feminino {Gineco}logia
81%
Olhos {Oftalmo}logia
79%
Gestação e Parto {Obs}tetrícia
78%
Pés {Podo}logia
76%
Imagens Médicas {Radio}logia
75%
Dentes {Odonto}logia
73%
Músculos e Ossos {Orto}pedia | {Traumato}logia
73%
Idosos {Geria}tria
70%
Câncer {Onco}logia
66%
SIstema Nervoso {Neuro}logia
61%
Sangue {Hemato}logia
48%
Pulmões {Pneumo}logia
44%
Articulações {Reumato}logia
29%
Doenças em Geral {Pato}logia
22%
Nenhum quiz correspondente encontrado
Distribuição das Pontuações
Porcentagem de Pessoas com Cada Pontuação
Percentil de Números Respondidos
Sua Pontuação Histórica
Você não jogou esse quiz